000
00201 a2200097 4500
001
4424
100
_a
Lange,N.A
245
_a
Hand book of chemistry
260
_a
_b
Mcgrawhill
_c
090
_c
3622
_d
3622
942
_a
NUST-CAE
_c
M
_c
29136
999
_c
239497
_d
239497